000 00788nam a2200265Ia 4500
003 OSt
005 20220924122443.0
006 a|||||r|||| 00| 0
007 ta
008 220923b |||||||| |||| 00| 0 dog d
020 _a9789004270091 (hbk)
020 _c10078.5
024 _a284190
037 _b43540, 13/03/2015, Segment Book Distributors
_cTextual
040 _aARTS
_cARTS
_bDOG
041 _2DOG
_aDOG
082 _aQ23:226:g, Q4
100 _aBakker Hans T.
_9189567
245 0 _aWorld of the skandapurana
260 _aLeiden
_bBrill The Netherlands
_c2014
300 _axv, 316p.
_ccm.
650 _aRELIGION
942 _hQ23:226:g, Q4
_cTEXL
_2CC
999 _c411716
_d411716